000 00688naa a2200229 i 4500
001 73580
003 ES-MaBCM
005 20241016120058.0
008 010115s1975 esp 000 0 spa d
021 _axx
035 _a(OCoLC)1365161901
040 _cES-MaBCM
041 0 _aspa
043 _aesp
100 1 _aEstella, Vega
_914528
245 1 3 _aEl patrimonio histórico-artístico en la jurisprudencia
_cVega Estella
650 7 _aPatrimonio artístico
_959736
651 2 4 _aEspaña
_9115342
655 4 _aJurisprudencia comentada
_959143
773 0 _aEn:
_tRevista de administración pública
_dMadrid : 1975
_gn. 76, en.-abr., p. 133-180. - Loc. S.26
_w104514
942 _cAREV
999 _c73580
_d73580